Forces in modern French drama (Record no. 123764)
[ view plain ]
| 000 -LEADER | |
|---|---|
| fixed length control field | 00457nam a22001337a 4500 |
| 008 - FIXED-LENGTH DATA ELEMENTS--GENERAL INFORMATION | |
| fixed length control field | 151106b xxu||||| |||| 00| 0 eng d |
| 050 ## - LIBRARY OF CONGRESS CALL NUMBER | |
| Classification number | PQ556.F58 1972 |
| 110 ## - MAIN ENTRY--CORPORATE NAME | |
| Corporate name or jurisdiction name as entry element | Fletcher, John |
| Relator term | editor |
| 9 (RLIN) | 21001 |
| 245 ## - TITLE STATEMENT | |
| Title | Forces in modern French drama |
| Statement of responsibility, etc | /edited by John Fletcher |
| 260 ## - PUBLICATION, DISTRIBUTION, ETC. (IMPRINT) | |
| Place of publication, distribution, etc | London |
| Name of publisher, distributor, etc | University of London Press |
| Date of publication, distribution, etc | 1972 |
| 300 ## - PHYSICAL DESCRIPTION | |
| Extent | 222p. ; |
| Dimensions | 24cm. |
| 650 ## - SUBJECT ADDED ENTRY--TOPICAL TERM | |
| Topical term or geographic name as entry element | French drama |
| General subdivision | History and criticism |
| Chronological subdivision | 20th century |
| 9 (RLIN) | 21002 |
| 942 ## - ADDED ENTRY ELEMENTS (KOHA) | |
| Source of classification or shelving scheme | Library of Congress Classification |
| Item type | Monograph ( Printed materials) |
| Withdrawn status | Lost status | Source of classification or shelving scheme | Damaged status | Not for loan | Collection code | Home library | Current library | Shelving location | Date acquired | Total Checkouts | Full call number | Barcode | Date last seen | Price effective from | Koha item type |
|---|---|---|---|---|---|---|---|---|---|---|---|---|---|---|---|
| Library of Congress Classification | Main Collection | ARRUPE LIBRARY | ARRUPE LIBRARY | Main Collection | 06/11/2015 | PQ556.F58 1972 | 46500005616 | 26/03/2019 | 06/11/2015 | Monograph ( Printed materials) |